000
00565nam a22001097a 4500
008
110707t xxu||||| |||| 00| 0 eng d
010
_a
C DOC F-140
245
_a
The Chief Magestrate's Court of Mengo , Court Criminal Case No. KCC 793/96 Uganda Vs Edward Kagenda Jjingo and three others
260
_c
1996
999
_c
4632
_d
4632